000 02307nam a22003497a 4500
001 101800
003 KnowledgeUnlatched
005 20210303105302.0
006 m o d
007 cr u||||||||||
008 210129p20092018mau o u00| u eng d
037 _5BiblioBoard
245 0 0 _aEarly Modern Russian Letters
_bTexts and Contexts /
_cMarcus C. Levitt.
020 _a9781618116741
029 1 _ahttps://library.biblioboard.com/ext/api/media/7c4bde80-17b7-4e19-864e-8bc5d0f49f1f/assets/thumbnail.jpg
040 _aScCtBLL
_cScCtBLL
100 1 _aLevitt, Marcus C.
_eauthor.
264 1 _bAcademic Studies Press,
300 _a1 online resource (447 p.)
506 0 _aAccess copy available to the general public.
_fUnrestricted
_2star
520 _aEarly Modern Russian Letters: Texts and Contexts brings together twenty essays by Marcus C. Levitt, a leading scholar of eighteenth-century Russian literature. The essays address a spectrum of works and issues that shaped the development of modern Russian literature, from authorship and philosophy to gender and religion in Russian Enlightenment culture. The first part of the collection explores the career and works of Alexander Sumarokov, who played a formative role in literary life of his day. In the essays of the second part Levitt argues that the Enlightenment's privileging of vision played an especially important role in eighteenth-century Russian self-image, and that its occularcentrism was profoundly shaped by Orthodox religious views. Early Modern Russian Letters offers a series of original and provocative explorations of a vital but little studied period.
588 0 _aDescription based on print version record.
590 _aKU Open Services
650 7 _aLiterary Criticism / Russian & Former Soviet Union
_2bisacsh
650 0 _aLiterature
_xHistory and criticism
655 0 _aElectronic books.
758 _iIs found in:
_aKnowledge Unlatched
_1https://openresearchlibrary.org/module/2774bc74-146a-484f-a7ba-ab1d6a09bbfb
856 4 0 _uhttps://openresearchlibrary.org/content/7c4bde80-17b7-4e19-864e-8bc5d0f49f1f
_zView this content on Open Research Library.
_70
999 _c34075
_d34075